000 00717nam a2200217Ii 4500
003 JO-AjNU
008 230605s9999||||xx |||||||||||||| ||und||
017 _a1993/10/1087
040 _aJO-AjNU
_bara
_erda
_cJO-AjNU
041 _aara
050 1 4 _aKMM97.A 44.F3888.1997
100 3 _a سامي ، فوزي محمد ,
_eauthor
_946473
245 0 0 _aشرح القانون التجاري / المجلد 1
250 _aط1
264 3 1 _aعمان : دار الثقافة ، ، دار مكتبة التربية ، 1997
300 _a338ص
336 _atext
_btxt
_2rdacontent
337 _aunmediated
_bn
_2rdamedia
338 _avolume
_bnc
_2rdacarrier
650 4 _aقانون تجاري -- الاردن
_946474
999 _aA20220
_c23788
_d23788